[Event "NOR-chT 0910"]
[Site "Norway"]
[Date "2010.01.10"]
[Round "6"]
[White "Briseid, Hakon"]
[Black "Aandal, Kristian"]
[Result "1-0"]
[WhiteElo "2052"]
[BlackElo "2023"]
[PlyCount "154"]
[EventDate "2009.11.06"]
[EventType "team"]
[EventRounds "9"]
[EventCountry "NOR"]
[SourceTitle "EXT 2011"]
[Source "ChessBase"]
[SourceDate "2010.11.26"]
[SourceVersion "1"]
[SourceVersionDate "2010.11.26"]
[SourceQuality "1"]
[WhiteTeam "Oslo Akademisk"]
[BlackTeam "Porsbrunn"]
[WhiteTeamCountry "NOR"]
[BlackTeamCountry "NOR"]

1. d4 Nf6 2. c4 c5 3. Nf3 e6 4. Nc3 cxd4 5. Nxd4 d5 6. cxd5 exd5 7. g3 Nc6 8. Bg2 Be7 9. 0-0 0-0 10. Bg5 h6 11. Be3 Re8 12. Rc1 Be6 13. Nxc6 bxc6 14. Na4 Qd7 15. Bc5 Rac8 16. Qd4 Bxc5 17. Nxc5 Qe7 18. Rc3 Ne4 19. Nxe4 dxe4 20. Qxe4 Bxa2 21. Qa4 Bd5 22. Bxd5 cxd5 23. Rxc8 Rxc8 24. e3 Qc5 25. Ra1 Rc7 26. Qe8+ Kh7 27. Rd1 Qd6 28. Qb5 Rd7 29. Qd3+ Kg8 30. Qd4 Rb7 31. Rc1 Qe6 32. Ra1 Qe4 33. Qc3 Qc4 34. Qd2 Qe4 35. Rc1 Rd7 36. Rd1 Kh7 37. Qd3 Qxd3 38. Rxd3 Kg6 39. Kg2 Kf5 40. Kf3 Ke5 41. Rd4 Rb7 42. Ra4 Rxb2 43. Rxa7 Ke6 44. g4 Rb6 45. Kg3 Rb3 46. Ra4 Rc3 47. Rf4 Rb3 48. h4 Rb1 49. Kg2 Rb2 50. Ra4 Rb6 51. Ra8 Rd6 52. Re8+ Kf6 53. Kf3 Rb6 54. Rd8 Ke6 55. Kg3 Rb3 56. g5 hxg5 57. hxg5 f6 58. Kg4 Rb1 59. f4 Rg1+ 60. Kh5 fxg5 61. fxg5 Rg3 62. Kg6 Ke7 63. Rxd5 Rxe3 64. Ra5 Rg3 65. Kxg7 Rg1 66. g6 Ke8 67. Re5+ Kd7 68. Kf7 Rf1+ 69. Kg8 Kd6 70. Rg5 Ke6 71. g7 Kf6 72. Ra5 Ke7 73. Rh5 Rg1 74. Kh7 Kf7 75. Rf5+ Ke6 76. Ra5 Rh1+ 77. Kg8 Rg1 1-0

[Event "NOR-chT 0910"]
[Site "Norway"]
[Date "2010.01.09"]
[Round "5"]
[White "Zachariassen, Bjarne"]
[Black "Aandal, Kristian"]
[Result "1/2-1/2"]
[WhiteElo "1947"]
[BlackElo "2023"]
[PlyCount "55"]
[EventDate "2009.11.06"]
[EventType "team"]
[EventRounds "9"]
[EventCountry "NOR"]
[SourceTitle "EXT 2011"]
[Source "ChessBase"]
[SourceDate "2010.11.26"]
[SourceVersion "1"]
[SourceVersionDate "2010.11.26"]
[SourceQuality "1"]
[WhiteTeam "SOSS"]
[BlackTeam "Porsbrunn"]
[WhiteTeamCountry "NOR"]
[BlackTeamCountry "NOR"]

1. e4 c5 2. Nf3 Nc6 3. c3 Nf6 4. e5 Nd5 5. d4 cxd4 6. cxd4 d6 7. Bc4 Nb6 8. Bb5 dxe5 9. Nxe5 Bd7 10. Nxd7 Qxd7 11. 0-0 Rd8 12. Qf3 Qxd4 13. Bxc6+ bxc6 14. Qxc6+ Qd7 15. Qe4 e6 16. Nc3 Be7 17. Bf4 0-0 18. Rfe1 Qd4 19. Be5 Qxe4 20. Rxe4 Rd2 21. Re2 Rfd8 22. Rxd2 Rxd2 23. Rd1 Rxd1+ 24. Nxd1 f6 25. Bb8 a6 26. Kf1 Kf7 27. Ke2 e5 28. Ba7 1/2-1/2

[Event "NOR-chT 0910"]
[Site "Norway"]
[Date "2010.01.08"]
[Round "4"]
[White "Aandal, Kristian"]
[Black "Martinsen, Stig K"]
[Result "0-1"]
[WhiteElo "2023"]
[BlackElo "2240"]
[PlyCount "66"]
[EventDate "2009.11.06"]
[EventType "team"]
[EventRounds "9"]
[EventCountry "NOR"]
[SourceTitle "EXT 2011"]
[Source "ChessBase"]
[SourceDate "2010.11.26"]
[SourceVersion "1"]
[SourceVersionDate "2010.11.26"]
[SourceQuality "1"]
[WhiteTeam "Porsbrunn"]
[BlackTeam "Bergen"]
[WhiteTeamCountry "NOR"]
[BlackTeamCountry "NOR"]

1. d4 d6 2. c4 f5 3. Nc3 Nf6 4. Bg5 Nbd7 5. Nf3 g6 6. Qc2 c6 7. e4 fxe4 8. Nxe4 Nxe4 9. Qxe4 Bg7 10. Bd3 Nf6 11. Qe2 Qa5+ 12. Bd2 Qh5 13. 0-0-0 Bg4 14. Rhe1 0-0-0 15. Qxe7 Rd7 16. Qe3 Bxf3 17. Qxf3 Qxf3 18. gxf3 Rf8 19. Re6 Nh5 20. Bb4 Kc7 21. c5 d5 22. Ba5+ b6 23. cxb6+ axb6 24. Bc3 Nf4 25. Ree1 Ng2 26. Re2 Rxf3 27. Kc2 Rdf7 28. Rg1 Nf4 29. Re3 Rxf2+ 30. Kb3 Nxd3 31. Rxd3 Rxh2 32. Re1 Kd7 33. Rde3 Rh4 0-1

[Event "NOR-chT 0910"]
[Site "Norway"]
[Date "2009.11.08"]
[Round "3"]
[White "Johansen, Paul Arne"]
[Black "Aandal, Kristian"]
[Result "0-1"]
[WhiteElo "2119"]
[BlackElo "2023"]
[PlyCount "84"]
[EventDate "2009.11.06"]
[EventType "team"]
[EventRounds "9"]
[EventCountry "NOR"]
[SourceTitle "EXT 2011"]
[Source "ChessBase"]
[SourceDate "2010.11.26"]
[SourceVersion "1"]
[SourceVersionDate "2010.11.26"]
[SourceQuality "1"]
[WhiteTeam "Moss"]
[BlackTeam "Porsbrunn"]
[WhiteTeamCountry "NOR"]
[BlackTeamCountry "NOR"]

1. Nf3 c5 2. g3 Nc6 3. Bg2 d6 4. 0-0 e5 5. d3 Nge7 6. c4 g6 7. Nc3 Bg7 8. a3 0-0 9. Bd2 Nd4 10. e3 Nxf3+ 11. Bxf3 Bh3 12. Bg2 Bxg2 13. Kxg2 d5 14. Qb3 dxc4 15. dxc4 Qc7 16. Rad1 Rad8 17. Bc1 Rxd1 18. Rxd1 f5 19. Kg1 Nc6 20. Nd5 Qf7 21. Qb5 f4 22. Qxc5 fxg3 23. f4 gxh2+ 24. Kxh2 g5 25. Nc3 Qh5+ 26. Kg2 gxf4 27. Qd5+ Kh8 28. Rh1 f3+ 29. Kg1 Qxh1+ 30. Kxh1 f2 31. Nd1 f1Q+ 32. Kh2 Qe2+ 33. Kg3 Rd8 34. Qf7 Qxd1 35. Qxb7 Qxc1 36. Qxc6 Qxe3+ 37. Kg4 Rd4+ 38. Kh5 Qh6+ 39. Qxh6 Bxh6 40. c5 Bf8 41. b4 Bxc5 42. bxc5 Rc4 0-1

[Event "NOR-chT Ishav 0708"]
[Site "Oslo"]
[Date "2007.11.11"]
[Round "3"]
[White "Zachariassen, Bjarne"]
[Black "Aandal, Kristian"]
[Result "1-0"]
[WhiteElo "1956"]
[BlackElo "1935"]
[PlyCount "45"]
[EventDate "2007.11.09"]
[EventType "team-swiss"]
[EventRounds "9"]
[EventCountry "NOR"]
[SourceTitle "EXT 2010"]
[Source "ChessBase"]
[SourceDate "2010.11.25"]
[SourceVersion "1"]
[SourceVersionDate "2010.11.25"]
[SourceQuality "1"]

1. e4 c5 2. c3 Nf6 3. e5 Nd5 4. Nf3 d6 5. Bc4 Nb6 6. Bb3 Nc6 7. exd6 e6 8. d4 cxd4 9. cxd4 Bxd6 10. 0-0 0-0 11. Nc3 Be7 12. a3 Bf6 13. Be3 Nd5 14. Ne4 Nxe3 15. Nxf6+ Qxf6 16. fxe3 Qh6 17. Qd3 b6 18. Rac1 Bb7 19. e4 Rad8 20. Ba2 Nxd4 21. Nxd4 e5 22. Rc7 Ba8 23. Qf3 1-0

[Event "NOR-chT 0607"]
[Site "Oslo"]
[Date "2007.03.09"]
[Round "7"]
[White "Aandal, Kristian"]
[Black "Urkedal, Frode Olav Olsen"]
[Result "1/2-1/2"]
[WhiteElo "2041"]
[BlackElo "2140"]
[PlyCount "94"]
[EventDate "2006.11.10"]
[EventType "team"]
[EventRounds "9"]
[EventCountry "NOR"]
[SourceTitle "EXT 2008"]
[Source "ChessBase"]
[SourceDate "2007.11.25"]
[SourceVersion "1"]
[SourceVersionDate "2007.11.25"]
[SourceQuality "1"]

1. d4 Nf6 2. c4 e6 3. Nf3 b6 4. g3 Ba6 5. Qa4 Bb7 6. Bg2 c5 7. 0-0 cxd4 8. Nxd4 Bxg2 9. Kxg2 Be7 10. Nc3 0-0 11. Bg5 h6 12. Bxf6 Bxf6 13. Rfd1 Qc7 14. Ndb5 Qc6+ 15. Kg1 Rc8 16. Nd6 Bxc3 17. Qxc6 Rxc6 18. bxc3 Na6 19. Rd4 Kf8 20. Rad1 Ke7 21. R1d2 Nc5 22. Kg2 Rd8 23. Rd1 f5 24. f3 a6 25. e4 fxe4 26. fxe4 Rf8 27. e5 Na4 28. R1d3 Rc5 29. Nb7 Rc7 30. Nd6 Nc5 31. Rd2 g5 32. Rd1 Kd8 33. h4 Nb7 34. hxg5 hxg5 35. Rg4 Nxd6 36. Rxd6 Rf5 37. Rxb6 Rxe5 38. Rxa6 Rb7 39. Kf3 Rf5+ 40. Ke3 Rb2 41. Ra8+ Ke7 42. Rg8 Re5+ 43. Kd3 Kf6 44. Rf8+ Ke7 45. Rg8 Kf6 46. Rf8+ Ke7 47. Rg8 Kf6 1/2-1/2

[Event "NOR-chT"]
[Site "Oslo"]
[Date "2006.06.07"]
[Round "1"]
[White "Aandal, Kristian"]
[Black "Pedersen, Oyvind"]
[Result "1/2-1/2"]
[WhiteElo "1978"]
[BlackElo "2098"]
[PlyCount "39"]
[EventDate "2006.06.07"]
[EventType "team"]
[EventRounds "5"]
[EventCountry "NOR"]
[SourceTitle "CBM 112 Extra"]
[Source "ChessBase"]
[SourceDate "2006.07.14"]
[SourceVersion "1"]
[SourceVersionDate "2006.07.14"]
[SourceQuality "1"]

1. d4 Nf6 2. Nf3 c5 3. c3 cxd4 4. cxd4 g6 5. Nc3 Bg7 6. e4 d6 7. Bb5+ Bd7 8. Bxd7+ Nbxd7 9. 0-0 0-0 10. Qe2 e6 11. Rd1 Nb6 12. Bg5 Qd7 13. a4 Rac8 14. a5 Nc4 15. Rdc1 b6 16. a6 Na5 17. Rd1 Nc4 18. Rdc1 Na5 19. Rd1 Nc4 20. Rdc1 1/2-1/2

[Event "Ibenfeldt Memorial op"]
[Site "Gausdal"]
[Date "2006.01.21"]
[Round "7"]
[White "Hobber, Anders"]
[Black "Aandal, Kristian"]
[Result "1/2-1/2"]
[WhiteElo "1918"]
[BlackElo "1951"]
[PlyCount "47"]
[EventDate "2006.01.16"]
[EventType "swiss"]
[EventRounds "9"]
[EventCountry "NOR"]
[SourceTitle "CBM 110 Extra"]
[Source "ChessBase"]
[SourceDate "2006.03.10"]
[SourceVersion "2"]
[SourceVersionDate "2006.03.10"]
[SourceQuality "1"]

1. d4 Nf6 2. c4 e6 3. Nf3 b6 4. g3 Bb7 5. Bg2 Be7 6. 0-0 0-0 7. Nc3 d5 8. Ne5 Qc8 9. cxd5 exd5 10. Bg5 Qe6 11. Qb3 c6 12. Rfe1 Nfd7 13. Nxd7 Nxd7 14. Bxe7 Qxe7 15. e4 Rfe8 16. Re3 dxe4 17. Nxe4 Nf6 18. Rae1 Nxe4 19. Bxe4 Qd7 20. Qb4 g6 21. Bg2 Rxe3 22. Rxe3 Re8 23. Rxe8+ Qxe8 24. Qd2 1/2-1/2

[Event "Ibenfeldt Memorial op"]
[Site "Gausdal"]
[Date "2006.01.19"]
[Round "5"]
[White "Johansson, Per"]
[Black "Aandal, Kristian"]
[Result "1/2-1/2"]
[WhiteElo "1996"]
[BlackElo "1951"]
[PlyCount "29"]
[EventDate "2006.01.16"]
[EventType "swiss"]
[EventRounds "9"]
[EventCountry "NOR"]
[SourceTitle "CBM 110 Extra"]
[Source "ChessBase"]
[SourceDate "2006.03.10"]
[SourceVersion "2"]
[SourceVersionDate "2006.03.10"]
[SourceQuality "1"]

1. d4 Nf6 2. c4 c5 3. d5 b5 4. cxb5 a6 5. bxa6 Bxa6 6. Nc3 d6 7. Nf3 g6 8. g3 Bg7 9. Bg2 0-0 10. 0-0 Nbd7 11. h3 Qa5 12. Qc2 Rfb8 13. Rb1 Nb6 14. Nd2 Bb7 15. e4 1/2-1/2

[Event "Gausdal Byggern Masters"]
[Site "Gausdal"]
[Date "2005.10.09"]
[Round "9"]
[White "Aandal, Kristian"]
[Black "Harstad, Christian"]
[Result "1-0"]
[WhiteElo "1941"]
[BlackElo "2078"]
[PlyCount "71"]
[EventDate "2005.10.01"]
[EventType "swiss"]
[EventRounds "9"]
[EventCountry "NOR"]
[SourceTitle "CBM 108 Extra"]
[Source "ChessBase"]
[SourceDate "2005.11.04"]
[SourceVersion "1"]
[SourceVersionDate "2005.11.04"]
[SourceQuality "1"]

1. d4 Nf6 2. c4 g6 3. Nc3 d5 4. cxd5 Nxd5 5. e4 Nxc3 6. bxc3 Bg7 7. Bc4 c5 8. Ne2 0-0 9. 0-0 Nc6 10. Be3 Qc7 11. Rc1 Rd8 12. Bf4 Qd7 13. d5 Na5 14. Bb3 c4 15. Bc2 b5 16. Rb1 Ba6 17. Qc1 Bc8 18. Qa3 Nb7 19. Rfd1 g5 20. Be3 h6 21. Nd4 Bxd4 22. Bxd4 f6 23. e5 fxe5 24. Bxe5 Nd6 25. Qc1 Nf7 26. Bd4 Bb7 27. Bh7+ Kf8 28. Qc2 Qd6 29. Rxb5 Ba6 30. Rc5 Rac8 31. Qf5 Rxc5 32. Bg6 Qxd5 33. Bg7+ Ke8 34. Rxd5 Rdxd5 35. Bxf7+ Kd8 36. Bxd5 1-0

[Event "NOR-ch U20"]
[Site "Bergen"]
[Date "2005.09.10"]
[Round "2"]
[White "Aandal, Kristian"]
[Black "Urkedal, Frode Olav Olsen"]
[Result "1/2-1/2"]
[WhiteElo "1842"]
[BlackElo "1832"]
[PlyCount "91"]
[EventDate "2005.09.09"]
[EventType "swiss"]
[EventRounds "6"]
[EventCountry "NOR"]
[SourceTitle "EXT 2006"]
[Source "ChessBase"]
[SourceDate "2005.11.24"]
[SourceVersion "1"]
[SourceVersionDate "2005.11.24"]
[SourceQuality "1"]

1. d4 Nf6 2. c4 e6 3. Nc3 Bb4 4. g3 c5 5. Nf3 cxd4 6. Nxd4 Ne4 7. Bd2 Nxd2 8. Qxd2 Nc6 9. Nxc6 bxc6 10. Bg2 0-0 11. 0-0 Ba6 12. a3 Be7 13. Rfd1 d5 14. cxd5 cxd5 15. e4 dxe4 16. Qc1 Qb6 17. Bxe4 Rad8 18. Qc2 f5 19. Bg2 Rb8 20. Rab1 Qb3 21. Qxb3 Rxb3 22. Rd7 Bf6 23. Rxa7 Bd3 24. Rc1 Rxb2 25. Rd7 Rc2 26. Rxc2 Bxc2 27. Rc7 Bd3 28. a4 Rb8 29. Nb5 Bxb5 30. axb5 Rxb5 31. Rc2 Rb1+ 32. Bf1 e5 33. Kg2 Kf7 34. Bc4+ Kg6 35. Be2 e4 36. Kh3 Rb2 37. Rxb2 Bxb2 38. Kg2 Kf6 39. f3 e3 40. f4 h6 41. Kf3 Bd4 42. h3 g5 43. fxg5+ hxg5 44. g4 f4 45. Ba6 Ke5 46. Bc4 1/2-1/2

[Event "Gausdal Classics Elo"]
[Site "Gausdal"]
[Date "2005.04.19"]
[Round "7"]
[White "Aandal, Kristian"]
[Black "Valla, Martin"]
[Result "0-1"]
[WhiteElo "1918"]
[BlackElo "2050"]
[PlyCount "64"]
[EventDate "2005.04.13"]
[EventType "swiss"]
[EventRounds "9"]
[EventCountry "NOR"]
[SourceTitle "CBM 105 Extra"]
[Source "ChessBase"]
[SourceDate "2005.05.01"]
[SourceVersion "1"]
[SourceVersionDate "2005.05.01"]
[SourceQuality "1"]

1. d4 Nf6 2. c4 g6 3. Nc3 Bg7 4. e4 d6 5. f4 0-0 6. Nf3 c5 7. d5 e6 8. Be2 exd5 9. cxd5 Bg4 10. 0-0 Nbd7 11. Re1 Re8 12. h3 Bxf3 13. Bxf3 Qa5 14. Be3 b5 15. a3 Nb6 16. e5 Nc4 17. exf6 Nxe3 18. Rxe3 Rxe3 19. fxg7 Rae8 20. Qc2 f5 21. Ne2 b4 22. Ng3 bxa3 23. Rxa3 Rxa3 24. bxa3 Qxa3 25. Kh2 Qb4 26. Nxf5 Qxf4+ 27. Ng3 Re5 28. Bg4 Re3 29. Bf3 Re5 30. Bg4 h6 31. Be6+ Kxg7 32. Qa4 Qxa4 0-1

[Event "Gausdal Classics Elo"]
[Site "Gausdal"]
[Date "2005.04.18"]
[Round "6"]
[White "Aandal, Kristian"]
[Black "Schnabel, Ralf"]
[Result "1-0"]
[WhiteElo "1918"]
[BlackElo "2184"]
[PlyCount "59"]
[EventDate "2005.04.13"]
[EventType "swiss"]
[EventRounds "9"]
[EventCountry "NOR"]
[SourceTitle "CBM 105 Extra"]
[Source "ChessBase"]
[SourceDate "2005.05.01"]
[SourceVersion "1"]
[SourceVersionDate "2005.05.01"]
[SourceQuality "1"]

1. d4 f5 2. Nc3 Nf6 3. Bg5 d5 4. Bxf6 exf6 5. e3 Be6 6. Qf3 Qd7 7. Bb5 Nc6 8. Nge2 a6 9. Bd3 Nb4 10. Nf4 Nxd3+ 11. cxd3 Rd8 12. 0-0 Be7 13. Rfe1 0-0 14. h3 Rfe8 15. Rad1 Bf8 16. e4 fxe4 17. dxe4 dxe4 18. Rxe4 c6 19. d5 cxd5 20. Nfxd5 Qf7 21. Red4 Kh8 22. Qd3 b5 23. Nxf6 Qxf6 24. Rxd8 Rxd8 25. Qxd8 b4 26. Qxf6 gxf6 27. Nd5 Kg7 28. b3 a5 29. Nb6 Bf7 30. Rd8 1-0

[Event "Gausdal Classics Elo"]
[Site "Gausdal"]
[Date "2005.04.13"]
[Round "1"]
[White "Aandal, Kristian"]
[Black "Svensen, Tarjei Joten"]
[Result "1/2-1/2"]
[WhiteElo "1918"]
[BlackElo "2099"]
[PlyCount "30"]
[EventDate "2005.04.13"]
[EventType "swiss"]
[EventRounds "9"]
[EventCountry "NOR"]
[SourceTitle "CBM 105 Extra"]
[Source "ChessBase"]
[SourceDate "2005.05.01"]
[SourceVersion "1"]
[SourceVersionDate "2005.05.01"]
[SourceQuality "1"]

1. d4 d5 2. c4 c6 3. Nf3 Nf6 4. e3 e6 5. Nc3 Nbd7 6. Bd3 dxc4 7. Bxc4 b5 8. Bd3 Bb7 9. 0-0 a6 10. e4 c5 11. d5 c4 12. Bc2 Qc7 13. dxe6 fxe6 14. a3 0-0-0 15. Qe2 Nc5 1/2-1/2

[Event "Oslo op2"]
[Site "Oslo"]
[Date "2005.04.12"]
[Round "6"]
[White "Aandal, Kristian"]
[Black "Kofoed, Leif Morten"]
[Result "1-0"]
[WhiteElo "1783"]
[BlackElo "1470"]
[PlyCount "67"]
[EventDate "2005.02.15"]
[EventType "swiss"]
[EventRounds "9"]
[EventCountry "NOR"]
[SourceTitle "EXT 2007"]
[Source "ChessBase"]
[SourceDate "2006.11.23"]
[SourceVersion "1"]
[SourceVersionDate "2006.11.23"]
[SourceQuality "1"]

1. d4 Nf6 2. c4 e5 3. dxe5 Ng4 4. Bf4 Nc6 5. Nf3 Bb4+ 6. Nbd2 Qe7 7. e3 Ngxe5 8. Be2 d6 9. 0-0 a5 10. a3 Bc5 11. Nb3 Bb6 12. Nbd4 Bd7 13. Qc2 Ng6 14. Bg3 0-0 15. Rfe1 Qf6 16. Rad1 Rfe8 17. Nb5 Re7 18. Nc3 Be6 19. Bd3 Ree8 20. Nd5 Bxd5 21. cxd5 Nce5 22. Nxe5 dxe5 23. Qb3 Qd6 24. Kh1 f6 25. Qc2 Nf8 26. f4 exf4 27. Bxf4 Qd8 28. d6 Kh8 29. dxc7 Qe7 30. Bf5 Ne6 31. Bxe6 Qxe6 32. Rd6 Qg4 33. Rxb6 Qxf4 34. c8Q 1-0

[Event "Norwegian op"]
[Site "Oslo"]
[Date "2005.03.27"]
[Round "9"]
[White "Bjerke, Silje"]
[Black "Aandal, Kristian"]
[Result "1-0"]
[WhiteElo "2120"]
[BlackElo "1932"]
[PlyCount "127"]
[EventDate "2005.03.19"]
[EventType "swiss"]
[EventRounds "9"]
[EventCountry "NOR"]
[SourceTitle "CBM 105 Extra"]
[Source "ChessBase"]
[SourceDate "2005.05.01"]
[SourceVersion "1"]
[SourceVersionDate "2005.05.01"]
[SourceQuality "1"]

1. d4 Nf6 2. c4 c5 3. d5 e6 4. Nc3 exd5 5. cxd5 d6 6. Nf3 g6 7. h3 Bg7 8. e4 0-0 9. Bd3 Re8 10. 0-0 c4 11. Bxc4 Nxe4 12. Nxe4 Rxe4 13. Bd3 Re8 14. Bg5 Qb6 15. Re1 Bd7 16. Nd2 Na6 17. Ne4 Qd4 18. Qf3 Bf5 19. Rad1 Bxe4 20. Rxe4 Rxe4 21. Bxe4 Qxb2 22. Rb1 Qxa2 23. Rxb7 Qa1+ 24. Kh2 f5 25. Bc2 Nc5 26. Rc7 Re8 27. Bd2 Qd4 28. Be3 Be5+ 29. g3 Qc3 30. Bxf5 Rf8 31. Rxc5 dxc5 32. Be6+ Kg7 33. Bh6+ Kxh6 34. Qxf8+ Bg7 35. Qf4+ g5 36. Qf5 Qf6 37. Qc2 c4 38. Bf5 c3 39. Bxh7 a5 40. Bd3 Qd4 41. Qe2 Qxd5 42. Bc2 Be5 43. Qa6+ Qd6 44. Qb7 Qc7 45. Qe4 Kg7 46. Qg6+ Kf8 47. Qxg5 Qc5 48. Qf5+ Kg7 49. Qf3 Qd4 50. Bb3 Bf6 51. Qb7+ Kh6 52. Kg2 a4 53. Bc2 Bg7 54. Qc6+ Bf6 55. Bxa4 Kg7 56. Bc2 Kf7 57. Bb3+ Ke7 58. h4 Qe5 59. h5 Bg5 60. h6 Bxh6 61. Qxh6 Qe4+ 62. Kh2 c2 63. Qg7+ Kd6 64. Qc3 1-0

[Event "Politiken Cup 26th"]
[Site "Copenhagen"]
[Date "2004.07.31"]
[Round "9"]
[White "Aandal, Kristian"]
[Black "Hyldkrog, Lars"]
[Result "0-1"]
[WhiteElo "1927"]
[BlackElo "2080"]
[PlyCount "84"]
[EventDate "2004.07.24"]
[EventType "swiss"]
[EventRounds "10"]
[EventCountry "DEN"]
[SourceTitle "CBM 101 Extra"]
[Source "ChessBase"]
[SourceDate "2004.09.01"]
[SourceVersion "2"]
[SourceVersionDate "2004.09.01"]
[SourceQuality "1"]

1. d4 Nf6 2. c4 e6 3. Nc3 Bb4 4. Qc2 0-0 5. a3 Bxc3+ 6. Qxc3 b6 7. Bg5 Ba6 8. Nf3 d6 9. e3 Nbd7 10. Bd3 c5 11. b4 Rc8 12. b5 Bb7 13. Qc2 h6 14. Bh4 Bxf3 15. gxf3 cxd4 16. exd4 d5 17. Rg1 dxc4 18. Bxc4 Qc7 19. Bxf6 Nxf6 20. Rc1 Qf4 21. Ke2 Qxd4 22. Qd3 Rfd8 23. Qxd4 Rxd4 24. Bd3 Rcd8 25. Rgd1 Kf8 26. Bc4 Rxd1 27. Rxd1 Rxd1 28. Kxd1 Ke7 29. Kd2 Kd6 30. Kd3 Kc5 31. Kc3 Nd5+ 32. Kb3 Nf4 33. Bf1 Kd4 34. Kc2 e5 35. Kd2 f6 36. Kc2 h5 37. Kd2 h4 38. Kc2 g5 39. Kd2 e4 40. fxe4 Kxe4 41. a4 Kf3 42. Ke1 Ng2+ 0-1

[Event "Oslo-ch"]
[Site "Oslo"]
[Date "2004.04.27"]
[Round "8"]
[White "Aandal, Kristian"]
[Black "Revil, Bjorn"]
[Result "0-1"]
[WhiteElo "1512"]
[BlackElo "1880"]
[PlyCount "78"]
[EventDate "2004.02.10"]
[EventType "swiss"]
[EventRounds "9"]
[EventCountry "NOR"]
[SourceTitle "EXT 2007"]
[Source "ChessBase"]
[SourceDate "2006.11.23"]
[SourceVersion "1"]
[SourceVersionDate "2006.11.23"]
[SourceQuality "1"]

1. e4 e6 2. d4 d5 3. Nc3 Bb4 4. e5 c5 5. a3 Bxc3+ 6. bxc3 Ne7 7. Qg4 Qc7 8. Bd2 cxd4 9. cxd4 Qxc2 10. Rc1 Qe4+ 11. Qxe4 dxe4 12. g3 Bd7 13. Rc7 Nbc6 14. Rxb7 Nxd4 15. Bc3 Ndf5 16. Bg2 Nd5 17. Ba5 Bc6 18. Rb2 e3 19. f4 0-0 20. Ne2 Rab8 21. Rxb8 Rxb8 22. 0-0 Rb5 23. Rc1 Rxa5 24. Rxc6 Nfe7 25. Bxd5 Nxc6 26. Bxc6 Rxa3 27. Kg2 a5 28. Kf3 Kf8 29. Nd4 Rc3 30. Be4 a4 31. Nb5 Rb3 32. Nd4 Rb2 33. Nc2 e2 34. Kf2 Ke7 35. Na3 Rb3 36. Nc2 a3 37. Kxe2 a2 38. Na1 Rb1 39. Nc2 Rb2 0-1

[Event "Oslo-ch"]
[Site "Oslo"]
[Date "2004.02.10"]
[Round "1"]
[White "Aandal, Kristian"]
[Black "Lund, Frode Ryan"]
[Result "0-1"]
[WhiteElo "1512"]
[BlackElo "1810"]
[PlyCount "80"]
[EventDate "2004.02.10"]
[EventType "swiss"]
[EventRounds "9"]
[EventCountry "NOR"]
[SourceTitle "EXT 2007"]
[Source "ChessBase"]
[SourceDate "2006.11.23"]
[SourceVersion "1"]
[SourceVersionDate "2006.11.23"]
[SourceQuality "1"]

1. d4 d6 2. c4 f5 3. Nc3 Nf6 4. Bg5 Nbd7 5. Qc2 g6 6. Nf3 Bg7 7. e3 c6 8. Bd3 e5 9. e4 f4 10. d5 c5 11. Qa4 0-0 12. h4 h6 13. Bxf6 Bxf6 14. h5 g5 15. Nh2 a6 16. Qc2 Rb8 17. g3 fxg3 18. fxg3 Bg7 19. 0-0-0 Nf6 20. Be2 Bd7 21. Rdf1 b5 22. Nf3 Qa5 23. b3 Qa3+ 24. Kd1 Ng4 25. Qd2 Rf7 26. Ke1 Rbf8 27. Nxg5 Rxf1+ 28. Rxf1 Rxf1+ 29. Kxf1 hxg5 30. Qxg5 Nh6 31. Qd8+ Bf8 32. Qxd7 bxc4 33. Qe6+ Kg7 34. Qg6+ Kh8 35. g4 Qc1+ 36. Nd1 c3 37. Kg1 c2 38. g5 Qf4 39. gxh6 c1Q 40. h7 Qg5+ 0-1